Όσα δεν είπες : ένα ρωσικό παρελθόν και το ταξίδι προς την πατρίδα : φόρος τιμής
Αποθηκεύτηκε σε:
| Κύριος συγγραφέας: | |
|---|---|
| Άλλοι συγγραφείς: | |
| Μορφή: | Βιβλίο |
| Γλώσσα: | Greek |
| Δημοσίευση: |
Αθήνα :
Άγρα,
2018.
|
| Θέματα: | |
| Ετικέτες: |
Προσθήκη ετικέτας
Δεν υπάρχουν, Καταχωρήστε ετικέτα πρώτοι!
|
MARC
| LEADER | 00000cam a2200000 a 4500 | ||
|---|---|---|---|
| 001 | 1/123760 | ||
| 008 | 211019s2018####gr a|||||| |||| ||gre|| | ||
| 020 | |a 9789605053130 | ||
| 040 | |a GR-MyUa |b gre |c GR-MyUa |e AACR2 | ||
| 041 | 1 | |a gre | |
| 082 | 7 | |a 940.5 |2 (23) | |
| 100 | 1 | |a Mazower, Mark. | |
| 245 | 1 | 0 | |a Όσα δεν είπες : |b ένα ρωσικό παρελθόν και το ταξίδι προς την πατρίδα : φόρος τιμής / |c Mark Mazower ; μετάφραση: Παλμύρα Ισμυρίδου. |
| 260 | |a Αθήνα : |b Άγρα, |c 2018. | ||
| 300 | |a 434 σ. ; |c 21 εκ. | ||
| 600 | 1 | 0 | |a Mazower, Mark |x Family. |
| 650 | 0 | |a Historians |z England |v Biography. | |
| 700 | 1 | |a Ισμυρίδου, Παλμύρα, |d 1958- |e trlf | |
| 852 | |a INST |b LESVOS |e 20211019 |h 940.5 ΜΑΖ |p 005100063118 |q 005100063118 |t BK |y 0 | ||
| 970 | |a Δημάκη |b Μαρία |z 19-10-2021 | ||